高崎駅から出ている行き先 - Statistics

General Stats
  • This quiz has been taken 423 times
  • The average score is 27 of 31
Answer Stats
Answer % Correct
東京
99%
長野
97%
上野
97%
新潟
95%
金沢
95%
大宮
95%
熱海
95%
前橋
94%
小田原
93%
横川
93%
敦賀
92%
籠原
92%
越後湯沢
91%
沼津
91%
小山
91%
高麗川
91%
品川
90%
国府津
88%
平塚
87%
伊東
86%
長野原草津口
86%
渋川
84%
水上
84%
伊勢崎
84%
大前
83%
桐生
81%
万座・鹿沢口
77%
小川町
75%
下仁田
72%
児玉
62%
上州富岡
50%
No matching quizzes found
Score Distribution
Percent of People with Each Score
Percentile by Number Answered
Your Score History
You have not taken this quiz